| 000 | 01990nam a2200529 i 4500 | ||
|---|---|---|---|
| 001 | 15432 | ||
| 003 | KOSZ 005 | ||
| 005 | 20240405063023.0 | ||
| 008 | 200415s1973 pl g 000 0 pol | ||
| 015 | _aUWD 1973/3148 | ||
| 035 | _a991033118359705066 | ||
| 035 | _a(PL-WaBN)b18874320-48omnis_nlop | ||
| 035 | _ab18874320 | ||
| 035 | _a(OCoLC)838994494 | ||
| 035 | _a(PL)b0000001887432 | ||
| 035 | _a(EXLNZ-48OMNIS_NETWORK)9910457629005606 | ||
| 040 |
_aWA N _cWA N _dKOSZ 005/RW |
||
| 046 | _k1973 | ||
| 080 | _a329(438) | ||
| 100 | 1 |
_aGóra, Władysław _d(1918-2009) _eAutor |
|
| 245 | 1 | 0 |
_aPPR : _brezolucje, odzewy, instrukcje i okólniki Komitetu Centralnego : [dokumenty]. _pI 1947-XII 1948 / _cW. Góra, R. Halaba, N. Kołomejczyk ; Wyższa Szkoła Nauk Społecznych przy KC PZPR. Zakład Historii Polskiego Ruchu Robotniczego. |
| 246 | 3 | _aPolska Partia Robotnicza | |
| 260 |
_aWarszawa : _bKsiążka i Wiedza, _c1973. |
||
| 300 |
_a287, [8] stron ; _c22 cm. |
||
| 336 |
_aTekst _btxt _2rdacontent |
||
| 337 |
_aBez urządzenia posredniczącego _bn _2rdamedia |
||
| 338 |
_aWolumin _bnc _2rdacarrier |
||
| 380 | _aKsiążki | ||
| 380 | _aPublikacje informacyjne | ||
| 388 | _a1901-2000 | ||
| 388 | _a1945-1989 | ||
| 610 | 2 | 7 |
_aPolska Partia Robotnicza (1942-1948) _2DBN |
| 648 | 7 | _a1901-2000 | |
| 648 | 7 | _a1945-1989 | |
| 650 | 7 | _aPartie polityczne | |
| 650 | 7 | _aPolityka | |
| 651 | 7 | _aPolska | |
| 655 | 7 |
_aWydawnictwo źródłowe _2DBN |
|
| 658 | _aHistoria | ||
| 658 | _aPolityka, politologia, administracja publiczna | ||
| 700 | 1 |
_aHalaba, Ryszard _d(1930-1992) _eAutor |
|
| 700 | 1 |
_aKołomejczyk, Norbert _d(1930-1994) _eAutor |
|
| 710 | 2 |
_aSpółdzielnia Wydawniczo-Handlowa "Książka i Wiedza" _4pbl |
|
| 856 |
_uhttp://koha.tu.koszalin.pl/cgi-bin/koha/opac-detail.pl?biblionumber=15432 _yKatalog online BPK |
||
| 942 |
_2UKD _cKS |
||
| 999 |
_c15432 _d15432 |
||